000 00755nam a22002417a 4500
003 UA-OsUOA
001 53750
007 ta
008 20151118b un ||||| |||| 00| 0 ukr d
100 _aЕнгельс Ф.
090 _a09.-94(4)
_bЕ61
942 _cBK
040 _aUA-OsUOA
_bukr
_cUA-OsUOA
_dUA-OsUOA
245 _aНімецька селянська війна
300 _a126 с.
955 _a4
041 _aukr
080 _a09.-94(4)
260 _aБерлін; К.
_bНакладом Закордонного бюра У.С.Д.Р.П.
_c1920
650 7 _a0 Загальний відділ.
_2UDC
999 _c433873
_d433873